Statistics for Oscar for Best Adapted Screenplay

Click here to take the quiz!

General Stats

  • This quiz has been taken 50 times
    (5 since last reset)
  • The average score is 43 of 96

Answer Stats

YearBest Adapted Screenplay Winner% Correct
201312 Years A Slave
100%
2001A Beautiful Mind
100%
2023American Fiction
100%
2012Argo
100%
1975One Flew Over the Cuckoo's Nest
100%
1993Schindler's List
100%
1972The Godfather
100%
1974The Godfather Part II
100%
1984Amadeus
75%
2018BlacKkKlansman
75%
2021CODA
75%
1990Dances with Wolves
75%
1994Forrest Gump
75%
2019Jojo Rabbit
75%
2016Moonlight
75%
2007No Country For Old Men
75%
1980Ordinary People
75%
2008Slumdog Millionaire
75%
2006The Departed
75%
1973The Exorcist
75%
2020The Father
75%
2003The Lord of the Rings: The Return of the King
75%
1991The Silence of the Lambs
75%
2010The Social Network
75%
2022Women Talking
75%
1950All About Eve
50%
1976All the President's Men
50%
1966A Man for All Seasons
50%
2005Brokeback Mountain
50%
2017Call Me By Your Name
50%
1943Casablanca
50%
1989Driving Miss Daisy
50%
1939Gone With the Wind
50%
1979Kramer vs. Kramer
50%
1969Midnight Cowboy
50%
2009Precious
50%
2004Sideways
50%
1983Terms of Endearment
50%
2015The Big Short
50%
1957The Bridge on the River Kwai
50%
2011The Descendants
50%
1971The French Connection
50%
2014The Imitation Game
50%
1987The Last Emperor
50%
2002The Pianist
50%
2000Traffic
50%
1949A Letter to Three Wives
25%
1951A Place in the Sun
25%
1959A Room at the Top
25%
1986A Room with a View
25%
1956Around the World in 80 Days
25%
1932Bad Girl
25%
1964Becket
25%
1931Cimarron
25%
1988Dangerous Liaisons
25%
1965Doctor Zhivago
25%
1960Elmer Gantry
25%
1953From Here to Eternity
25%
1958Gigi
25%
1998Gods and Monsters
25%
1944Going my Way
25%
1941Here Comes Mr. Jordan
25%
1992Howard's End
25%
1967In the Heat of the Night
25%
1934It Happened One Night
25%
1961Judgment at Nuremberg
25%
1977Julia
25%
1997L.A. Confidential
25%
1933Little Women
25%
1955Marty
25%
1970M*A*S*H
25%
1978Midnight Express
25%
1947Miracle on 34th Street
25%
1982Missing
25%
1942Mrs. Miniver
25%
1981On Golden Pond
25%
1985Out of Africa
25%
1938Pygmalion
25%
1995Sense and Sensibility
25%
1996Sling Blade
25%
1952The Bad and the Beautiful
25%
1946The Best Years of Our Lives
25%
1930The Big House
25%
1999The Cider House Rules
25%
1954The Country Girl
25%
1937The Life of Emile Zola
25%
1968The Lion in Winter
25%
1945The Lost Weekend
25%
1929The Patriot
25%
1940The Philadelphia Story
25%
1936The Story of Louis Pasteur
25%
1948The Treasure of the Sierra Madre
25%
1962To Kill a Mockingbird
25%
1963Tom Jones
25%
19287th Heaven
0%
1935The Informer
0%

Score Distribution

Percentile by Number Answered

Percent of People with Each Score

Your Score History

You have not taken this quiz since the last reset